书目信息 |
| 题名: |
平面解析几何
|
|
| 作者: | ;数理化自学丛书编委会数学编写小组 编 | |
| 分册: | ||
| 出版信息: | 上海 上海科学技术出版社 1965 |
|
| 页数: | 501页 | |
| 开本: | 19cm | |
| 丛书名: | 数学化自学丛书 | |
| 单 册: | ||
| 中图分类: | O182.1 | |
| 科图分类: | ||
| 主题词: | 平面几何:解析几何 , 解析几何:平面几何 | |
| 电子资源: | ||
| ISBN: | ||
| 000 | 00879nam2 2200265 45 | |
| 001 | 0177000989 | |
| 005 | 20070721090838.96 | |
| 010 | @dCNY1.05 | |
| 091 | @a13119.669 | |
| 100 | @a19951009d1965 em y0chiy0121 ea | |
| 101 | 0 | @achi |
| 102 | @aCN@b310000 | |
| 105 | @ay z 000yy | |
| 200 | 10 | @a平面解析几何@Aping mian jie xi ji he@f数理化自学丛书编委会数学编写小组编@Fshu li hua zi xue cong shu bian wei hui shu xue bian xie xiao zu bian |
| 210 | @a上海@c上海科学技术出版社@d1965 | |
| 215 | @a501页@d19cm | |
| 225 | 2 | @a数学化自学丛书 |
| 410 | 0 | @120010@a数学化自学丛书 |
| 606 | @a平面几何:解析几何 | |
| 606 | @a解析几何:平面几何 | |
| 690 | @aO182.1@v3 | |
| 711 | 0 | @a数理化自学丛书编委会数学编写小组@Ashu li hua zi xue cong shu bian wei hui shu xue bian xie xiao zu@4编 |
| 801 | 0 | @aCN@bTSSF@c20070721 |
| 801 | 2 | @aCN@bNLC@c20060813 |
| 905 | @a10447@dO182.1@e46 | |
| 平面解析几何/数理化自学丛书编委会数学编写小组编.-上海:上海科学技术出版社,1965 |
| 501页;19cm.-(数学化自学丛书) |
| ISBN :CNY1.05 |
| ● |
| 相关链接 |
|
|
|
|
正题名:平面解析几何
索取号:O182.1/46
 
预约/预借
| 序号 | 登录号 | 条形码 | 馆藏地/架位号 | 状态 | 备注 |
| 1 | 0006242 | 001679213 | 密集书库/ [索取号:O182.1/46] | 在馆 | |
| 2 | 0006244 | 202304434 | 密集书库/ [索取号:O182.1/46] | 在馆 | |
| 3 | 0016011 | 001679222 | 密集书库/ [索取号:O182.1/46] | 在馆 | |
| 4 | 0016012 | 001679231 | 密集书库/ [索取号:O182.1/46] | 在馆 | |
| 5 | 0049561 | 202309983 | 密集书库/ [索取号:O182.1/46] | 在馆 | |
| 6 | 0421525 | 204215250 | 密集书库/ [索取号:O182.1/46] | 在馆 | |
| 7 | 0455019 | 204550191 | 密集书库/ [索取号:O182.1/46] | 在馆 | |
| 8 | 0769280 | 207692807 | 密集书库/ [索取号:O182.1/46] | 在馆 |